Flamenco en Andalucía
Shranjeno v:
| Format: | Knjiga |
|---|---|
| Jezik: | španščina |
| Izdano: |
Sevilla
Junta de Andalucía
2000
|
| Teme: | |
| Oznake: |
Označite
Brez oznak, prvi označite!
|
MARC
| LEADER | 00000nam a2200000 a 4500 | ||
|---|---|---|---|
| 001 | UCI5429 | ||
| 003 | CL-VaPUC | ||
| 008 | 080328e20000000sp |||||||||||||||||spa|d | ||
| 082 | 0 | 4 | |a 789.23932 |b FLA |2 21 |
| 245 | 1 | 0 | |a Flamenco en Andalucía |
| 300 | |a pág. irreg | ||
| 942 | |c BK | ||
| 945 | |d 20080328 00:00:00 |a rbrito | ||
| 260 | |a Sevilla |b Junta de Andalucía |c 2000 | ||
| 650 | 7 | |a FLAMENCO HISTORIA |2 CL-VaPUC |9 527807 | |
| 650 | 7 | |a BAILE |2 CL-VaPUC |9 416286 | |
| 650 | 0 | |a Danza |9 328568 | |
| 650 | 0 | |a Coreografía |9 312567 | |
| 650 | 7 | |a GUITARRA |2 CL-VaPUC |9 527808 | |
| 650 | 7 | |a MUSICA FLAMENCA |2 CL-VaPUC |9 527809 | |
| 583 | |a last modification |c 20171116 02:51:05 |k Rodrigo Vera | ||
| 999 | |c 329177 |d 329175 | ||
| 952 | |0 0 |1 0 |4 0 |6 789_239320000000000_FLA_2000 |7 0 |8 X |9 413544 |a FDOMLP |b FDOMLP |d 2019-11-22 |i 442042K |o 789.23932 FLA 2000 |p 442042K |r 2019-11-22 |w 2019-11-22 |y BK_X |k BU2 | ||